| 000 | 00424 a2200169 4500 | ||
|---|---|---|---|
| 001 | 184621 | ||
| 020 | _a | ||
| 040 | _cMagnum | ||
| 100 | _aRamos, Roberto Carlos | ||
| 240 | 1 | 0 |
_aResgatando & contando nossas histórias folclóricas _lpor |
| 245 | 1 | 0 | _aResgatando & contando nossas histórias folclóricas |
| 300 | _a47 | ||
| 362 | 0 | _a2001 | |
| 440 | 1 | _aLeitura | |
| 697 | _aLITERATURA INFANTO-JUVENIL | ||
| 942 | _cBK | ||
| 999 |
_c184621 _d184621 |
||